000
00379nam a22001577a 4500
003
MPLRDC
005
20220104125007.0
008
210129b ||||| |||| 00| 0 eng d
082
_a
857.63 CKL v.283
100
_a
岑凯伦
245
_a
我相信爱情
_c
260
_a
_b
环球出版社
_c
300
_b
平
650
_a
短篇小说--别集
942
_c
BK
_o
857.63 CKL v.283
999
_c
23788
_d
23778